[Event "Hafjell Junior"]
[Site "Hafjell"]
[Date "2002.10.19"]
[Round "4"]
[White "Carlsen, Magnus"]
[Black "Predojevic, Borki"]
[Result "0-1"]
[WhiteElo "2250"]
[BlackElo "2437"]
[PlyCount "60"]
[EventDate "2002.10.17"]
[EventType "swiss"]
[EventRounds "6"]
[EventCountry "NOR"]
[SourceTitle "EXT 2023"]
[Source "ChessBase"]
[SourceDate "2022.10.05"]
[SourceVersion "1"]
[SourceVersionDate "2022.10.05"]
[SourceQuality "1"]

1. d4 Nf6 2. Nc3 d5 3. Bg5 Nbd7 4. Nf3 c6 5. Qd3 e6 ({RR} 5... b5 6. a3 e6 7. e4 dxe4 8. Nxe4 Be7 9. Nxf6+ Bxf6 10. h4 Bb7 11. Qe3 h6 12. Bf4 Nb6 13. Bd3 Nd5 14. Qd2 Nxf4 15. Qxf4 Qe7 16. O-O-O O-O-O 17. Qe3 a6 18. Be4 Kb8 19. Rd3 c5 20. Qf4+ {Mamedyarov,S (2743)-Safarli,E (2649) Dubai 2014 1-0 (60)}) 6. e4 ({RR} 6. h3 Bd6 7. e4 dxe4 8. Nxe4 Be7 9. Nxf6+ Bxf6 10. h4 c5 11. O-O-O cxd4 12. Nxd4 Qb6 13. Kb1 Nc5 14. Qb5+ Bd7 15. Qxb6 axb6 16. Bxf6 gxf6 17. Bb5 Ke7 18. Bxd7 Nxd7 19. Rhe1 Ne5 20. f4 Nc6 {Bobadilla Viera,J (2386)-Venkatesh,N (2033) chess.com INT 2024 1-0 (48)}) 6... dxe4 7. Nxe4 Qc7 $146 ({RR} 7... Be7 8. Nxf6+ Nxf6 9. O-O-O O-O 10. Ne5 Nd5 11. Bxe7 Qxe7 12. Kb1 c5 13. Qh3 cxd4 14. Rxd4 Qf6 15. Bd3 h6 16. Qg3 Ne7 17. Rg4 Nf5 18. Qf4 h5 19. Rg5 Qh6 20. Bxf5 f6 21. Qc4 Qxg5 22. Bxe6+ {Kadziolka,A-Krysztofiak,M (2140) Warsaw 1997 1-0}) ({RR} 7... Be7 8. Nxf6+ Nxf6 9. g3 Qb6 10. O-O-O h6 11. Bxf6 Bxf6 12. Kb1 O-O 13. Qe4 Be7 14. Ne5 f5 15. Qe3 Rd8 16. Bc4 Bf6 17. Rhe1 Re8 18. Qf3 Kh7 19. Qh5 Re7 20. Qg6+ Kh8 21. c3 Qc7 22. Qh5 {Schumacher,H (2022)-Smits,O (1714) Bad Woerishofen 2005 1-0 (57)}) 8. Bxf6 gxf6 9. O-O-O b6 10. Qc3 Bb7 11. Bc4 O-O-O 12. Rhe1 Rg8 13. g3 f5 14. Neg5 Bh6 15. h4 b5 16. Bd3 c5 17. Bxb5 cxd4 18. Qxc7+ Kxc7 19. Kb1 Nc5 20. b4 Bxf3 21. Nxf3 Ne4 22. Kb2 Nc3 23. Bd3 Nxd1+ 24. Rxd1 Bg7 25. Re1 Bf6 26. a4 Rb8 27. Kb3 Kd6 28. a5 Rbc8 29. b5 e5 30. Bxf5 Rc3+ 0-1

[Event "NOR-chT east 0203"]
[Site "Norway"]
[Date "2003.03.09"]
[Round "9"]
[White "Carlsen, Magnus"]
[Black "Gausel, Einar"]
[Result "0-1"]
[WhiteElo "2279"]
[BlackElo "2533"]
[PlyCount "46"]
[EventDate "2002.11.09"]
[EventType "team-swiss"]
[EventRounds "9"]
[EventCountry "NOR"]
[SourceTitle "EXT 2023"]
[Source "ChessBase"]
[SourceDate "2022.10.05"]
[SourceVersion "1"]
[SourceVersionDate "2022.10.05"]
[SourceQuality "1"]

1. d4 {Edouard,Romain} d5 2. Nf3 Nf6 3. Bg5 Ne4 ({RR} 3... e6 4. Nbd2 Be7 5. e3 O-O 6. Bd3 h6 7. Bh4 c5 8. c3 Nc6 9. O-O b6 10. Ne5 Bb7 11. f4 Nd7 12. Bg3 Rc8 13. a4 Ndb8 14. Qh5 Ba6 15. Bb5 Bb7 16. f5 Nxe5 17. Bxe5 Bg5 18. fxe6) ({RR} 3... c5 4. e3 Nc6 5. c3 Qb6 6. Qc1 Bf5 ({RR} 6... Ne4 7. Bf4 Bf5 8. Nbd2 e6 9. Be2 Be7) 7. Nbd2 e6 8. Be2 Be7 9. Nh4 Bg6 10. O-O Rc8 11. Nxg6 hxg6 12. Nf3 Bd6 13. dxc5 Qxc5 14. Bf4 Bxf4 15. exf4 O-O 16. Qd2 Rfd8 17. Bd3 b5 18. Rac1) 4. Bh4 Qd6 ({RR} 4... c5 5. e3 Nc6 6. c3 Qb6 7. Qc1 Bf5 8. Nbd2 e6 9. Be2 Rc8 10. O-O Be7 11. Bxe7 Nxe7 12. Nxe4 Bxe4 13. Nd2 Bg6 14. Nb3 cxd4 15. exd4 O-O) ({RR} 4... h5 5. Bg3 ({RR} 5. h3 f6 6. Nfd2 g5 7. Nxe4 dxe4 8. Bg3) 5... g5 6. h3 Nxg3 7. fxg3 Qd6 8. Kf2 g4 9. hxg4 Bxg4 10. Nc3 Nc6 11. e4 dxe4 12. Nxe4 Qb4 13. c3 Qb6 ({RR} 13... Qxb2+ 14. Be2) 14. Qb3) 5. Nbd2 Qh6 6. Qc1 c5 ({RR} 6... g5 7. Nxe4 dxe4 8. Bxg5 Qh5 ({RR} 8... Qg7 9. Nh4 ({RR} 9. Ng1 Qxd4 10. Bd2 Qb6 11. Bc3 Rg8 12. e3 Nc6 13. Ne2 Bg4 14. h3 Bxe2 15. Bxe2 Bg7 16. Bxg7 Rxg7 17. O-O O-O-O) 9... Qxd4 10. c3 Qg7 11. g3 e5 12. Bg2 f6 13. Be3 f5 14. Bh3 Qf7 15. f3) 9. Ng1 Bg7 10. c3 c5 11. Bd2 ({RR} 11. dxc5 Na6 12. Qd2 Nxc5 13. Rd1 ({RR} 13. O-O-O Be6) 13... Be6 14. Nh3) 11... Nc6 ({RR} 11... cxd4 12. cxd4 Bxd4 13. Qxc8#) 12. e3 Bg4 13. Ne2 O-O-O ({RR} 13... O-O) ({RR} 13... Bxe2 14. Bxe2 Qg6 15. O-O) 14. b4 cxb4 ({RR} 14... c4 15. Nf4) 15. cxb4 Kb8 16. b5 ({RR} 16. Ng3) 16... Qxb5 17. Rb1 Qd5 18. Nc3 Qe6 ({RR} 18... Qd7 19. Nxe4) 19. Na4 Ka8 ({RR} 19... Qd6 20. Bc4) 20. Rxb7 Qd6 ({RR} 20... Nxd4 21. Qc7 Nc2+ 22. Qxc2 Rc8 23. Nc5 Rxc5 24. Rxa7+ Kxa7 25. Qxc5+) 21. Nc5 {Artemiev,V (2716)-Vidit,S (2726) Chess.com INT 2020 CBM 196 [Edouard,Romain] 1-0}) ({RR} 6... Qh5) ({RR} 6... Nc6 7. c3 Nxd2 8. Qxd2 Qxd2+ 9. Nxd2 e5 10. e3 a6 11. Be2 Be6 12. O-O Bd6 13. f4 exf4 14. exf4 f6 15. f5 Bf7 16. Bd3 O-O-O 17. b4 Nb8 18. Rae1 Rde8 19. g4 h6 20. Kg2 Nd7 21. Bg3 {Kazhgaleyev,M (2481)-Askanazyan,G (1955) Moscow RUS 2024 ½-½ (33)}) 7. c3 $146 ({RR} 7. dxc5 Nc6 8. Nxe4 Qxc1+ 9. Rxc1 dxe4 10. Nd2 Bf5 11. e3 e5 12. Bc4 f6 13. Bd5 h5 14. Bxe4 Be6 15. f3 Bxc5 16. Ke2 O-O-O 17. Rhd1 g5 18. Bf2 Ne7 19. c4 f5 20. Bd5 Bd7 21. e4 Bxf2 {Prie,E (2518)-Karpatchev,A (2466) Creon 2007 1-0}) 7... cxd4 8. Nxe4 Qxc1+ 9. Rxc1 dxe4 10. cxd4 Nc6 11. Ne5 Nxe5 12. dxe5 Bd7 13. e3 e6 14. a3 Bc6 15. Bc4 Be7 16. Bxe7 Kxe7 17. Ke2 a5 18. Rhd1 a4 19. Rd4 Ra5 20. Kd2 Rxe5 21. Kc3 Rc8 22. Kb4 Be8 23. Rc3 Rc6 0-1

[Event "Wch U12"]
[Site "Heraklion"]
[Date "2002.11.21"]
[Round "7"]
[White "Berczes, David"]
[Black "Carlsen, Magnus"]
[Result "0-1"]
[WhiteElo "2232"]
[BlackElo "2250"]
[PlyCount "114"]
[EventDate "2002.11.15"]
[EventType "swiss"]
[EventRounds "11"]
[EventCountry "GRE"]
[SourceTitle "CBM 091 Extra"]
[Source "ChessBase"]
[SourceDate "2003.01.09"]
[SourceVersion "1"]
[SourceVersionDate "2003.01.09"]
[SourceQuality "1"]

1. d4 {Rogozenco,Dorian} d5 2. c4 c6 3. Nf3 Nf6 4. Nc3 dxc4 5. a4 Bf5 6. Ne5 Nbd7 7. Nxc4 Nb6 8. Ne5 a5 9. f3 Nfd7 10. e4 Nxe5 11. dxe5 ({RR} 11. exf5 Nec4 ({RR} 11... Ned7) 12. Qb3 Nd6 13. Bd3 g6 14. g4 Bg7 15. Be3 Nd7 16. O-O-O Qb6 17. Qxb6 Nxb6) 11... Qxd1+ 12. Kxd1 Be6 13. Kc2 Bc4 ({RR} 13... f6 14. Rb1 Nd7 ({RR} 14... fxe5 15. b4 Nc4 16. bxa5 ({RR} 16. Bxc4 Bxc4 17. bxa5 O-O-O 18. Rd1 Rxd1 19. Nxd1 e6 20. Ne3 Ba6 21. Ng4 Bd6 22. Bb2 Rd8 23. Rd1 h5 24. Nxe5 Bxe5 25. Bxe5 Rxd1 26. Kxd1 g6) 16... Nxa5 17. Be3 Bc4 18. Bb6 Bxf1 19. Rhxf1 Nc4 20. Kd3) 15. b4 ({RR} 15. exf6 exf6) 15... Nxe5 ({RR} 15... axb4 16. Rxb4 O-O-O 17. Be3 Nxe5 18. a5) 16. bxa5 Bc8 ({RR} 16... O-O-O 17. a6) 17. a6 bxa6 18. a5 Nd7 ({RR} 18... Be6 19. Rb6 Bc4 20. Bf4 Bxf1 21. Rxf1 Nc4 22. Rxc6 Nxa5 23. Rc7 e5 24. Bd2) 19. Na4 e5 ({RR} 19... Rb8 20. Rxb8 Nxb8 21. Nb6 Bb7 22. Bc4 e5 23. Be3) 20. Bc4 Bc5 ({RR} 20... Bd6 21. Be3 Ke7 22. Rhd1) 21. Rd1 ({RR} 21. Nxc5 Nxc5 22. Rb6) 21... Bd4 22. Ba3 c5 23. Rb3 h5 24. Rdb1 Ke7 25. Bd5 Ra7 26. Rb6 Rc7 ({RR} 26... Nxb6 27. axb6 Rd7 28. Bxc5+ Bxc5 29. Nxc5 Rxd5 30. exd5 Bf5+ 31. Ne4 Rb8) 27. Re6+ Kd8 28. Nb6 {Topalov,V (2812)-Wang,Y (2738) Sofia 2009 CBM 131 [Rogozenco,Dorian] 1-0 (33)} {RR} Ra7 29. Kd3 Bb7 30. Kc4) 14. Bxc4 ({RR} 14. Be3 Bxf1 15. Rhxf1) 14... Nxc4 15. e6 $146 ({RR} 15. f4 e6 16. b3 Nb6 17. Be3 Nd7 18. Rad1 Bb4 19. Na2 Be7 20. Rd2 O-O-O 21. Rhd1 Nc5 22. Rxd8+ Rxd8 23. Rxd8+ Kxd8 24. Nc3 h5 25. h3 Kc7 26. g4 hxg4 27. hxg4 Nd7 28. g5 Bb4 29. Na2 Bc5 {San Diego,M (2156)-Feng,E (1840) Hangzhou CHN 2023 0-1 (52)}) ({RR} 15. f4 e6 16. b3 Nb6 17. Be3 Nd7 18. Rad1 Bb4 19. Na2 Be7 20. Rd2 O-O-O 21. Rhd1 Nc5 22. Rxd8+ Rxd8 23. Rxd8+ Kxd8 24. Nc3 h5 25. h3 Kc7 26. g4 hxg4 27. hxg4 Nd7 28. g5 Bb4 29. Na2 Bc5 {San Diego,M (2156)-Feng,E (1840) Hangzhou CHN 2023 0-1 (52)}) 15... fxe6 16. b3 Nd6 17. e5 Nf7 18. Re1 g5 19. Ne4 b6 20. Nd2 Kd7 21. Nc4 Kc7 22. Ba3 c5 23. Rad1 Bg7 24. Bc1 Rad8 25. Rxd8 Rxd8 26. Bb2 Rg8 27. Kd3 Nd8 28. Ke4 Nc6 29. Rd1 Rf8 30. g3 h6 31. f4 Nb4 32. Ne3 gxf4 33. gxf4 h5 34. f5 Bh6 35. f6 exf6 36. exf6 Bxe3 37. Be5+ Kb7 38. Kxe3 Nd5+ 39. Ke2 Nxf6 40. Rd6 Nd5 41. Rxe6 Nf4+ 42. Bxf4 Rxf4 43. Re3 c4 44. bxc4 Rxc4 45. Ra3 Rc2+ 46. Kd3 Rxh2 47. Ke4 Rb2 48. Kf3 Rb4 49. Ra1 h4 50. Ra3 Kc6 51. Rc3+ Kd5 52. Ra3 Kc4 53. Ra1 Kb3 54. Kg2 Kb2 55. Rf1 Rxa4 56. Rf2+ Kb3 57. Rf3+ Kb4 0-1

[Event "Valle d'Aosta op 11th"]
[Site "Saint Vincent"]
[Date "2003.02.15"]
[Round "8"]
[White "Naumkin, Igor"]
[Black "Carlsen, Magnus"]
[Result "1/2-1/2"]
[WhiteElo "2412"]
[BlackElo "2279"]
[PlyCount "85"]
[EventDate "2003.02.08"]
[EventType "swiss"]
[EventRounds "9"]
[EventCountry "ITA"]
[SourceTitle "EXT 2023"]
[Source "ChessBase"]
[SourceDate "2022.10.05"]
[SourceVersion "1"]
[SourceVersionDate "2022.10.05"]
[SourceQuality "1"]

1. d4 Nf6 2. Nf3 d5 3. c4 c6 4. Nc3 a6 5. e3 b5 6. b3 Bg4 7. Be2 e6 8. O-O Nbd7 9. Bb2 Be7 10. Ne5 Bxe2 11. Qxe2 Nxe5 12. dxe5 Nd7 13. cxd5 cxd5 14. f4 $146 ({RR} 14. Rad1 b4 15. Na4 Nb6 16. e4 Nxa4 17. bxa4 Qa5 18. exd5 exd5 19. Qc2 O-O 20. Qb3 Rfd8 21. f4 Rac8 22. Kh1 Qc5 {½-½ (22) Deutsch,L (2210)-Gaertner,G (2380) Oberwart 1996}) 14... O-O 15. Qg4 Qb6 16. Nxd5 exd5 17. Qxd7 Qxe3+ 18. Kh1 Qd2 19. Qxe7 Qxb2 20. Rae1 d4 21. f5 d3 22. f6 Rae8 23. Qd7 gxf6 24. exf6 Qxf6 25. Qxd3 Rxe1 26. Qg3+ Qg6 27. Qxe1 Rc8 28. Rf3 Qc2 29. Qg3+ Qg6 30. Qf4 Qb1+ 31. Rf1 Qg6 32. h3 Rc2 33. Qb8+ Kg7 34. Qe5+ Kg8 35. Qe8+ Kg7 36. Qe5+ Kg8 37. Qd5 Qe6 38. Qd8+ Kg7 39. Qd4+ f6 40. Rf3 Qe5 41. Qg4+ Qg5 42. Rg3 Qxg4 43. Rxg4+ 1/2-1/2

[Event "Valle d'Aosta op 11th"]
[Site "Saint Vincent"]
[Date "2003.02.16"]
[Round "9"]
[White "Carlsen, Magnus"]
[Black "Stefanova, Antoaneta"]
[Result "1/2-1/2"]
[WhiteElo "2279"]
[BlackElo "2560"]
[PlyCount "82"]
[EventDate "2003.02.08"]
[EventType "swiss"]
[EventRounds "9"]
[EventCountry "ITA"]
[SourceTitle "CBM 092 Extra"]
[Source "ChessBase"]
[SourceDate "2003.03.07"]
[SourceVersion "1"]
[SourceVersionDate "2003.03.07"]
[SourceQuality "1"]

1. d4 d5 2. c4 c6 3. Nf3 Nf6 4. Nc3 a6 5. cxd5 cxd5 6. Bf4 Nc6 7. e3 Bg4 8. Be2 e6 9. Ne5 Bxe2 10. Qxe2 Rc8 11. O-O Be7 12. Rfc1 O-O 13. Na4 Nxe5 14. Bxe5 Nd7 15. Bg3 b5 ({RR} 15... Qa5 16. Qd1 b5 17. Nc3 Nb6 18. Ne2 Rxc1 19. Nxc1 Rc8 20. Nd3 b4 21. h3 Qb5 22. Rc1 Rxc1 23. Qxc1 Qc4 24. b3 Qxc1+ 25. Nxc1 Nc8 26. Bb8 Bd6 27. Bxd6 Nxd6 28. Nd3 a5 29. Kf1 Kf8 30. Ne1 {Kaganskiy,G (2316)-Stefanova,A (2473) Tel Aviv 2001 ½-½ (41)}) 16. Rxc8 $146 ({RR} 16. Nc3 Nb6 17. Rc2 Bd6 18. Bxd6 Qxd6 19. Rac1 h6 20. Nb1 Rxc2 21. Rxc2 Rc8 22. Rxc8+ Nxc8 23. Qc2 Ne7 24. Nd2 Qc6 25. Qxc6 Nxc6 26. Nb3 Kf8 27. Kf1 Ke7 28. Ke2 Kd6 29. a3 f6 30. Nc5 a5 {Lysenko,M (2019)-Butuc,M (2183) St Petersburg 2011 ½-½ (35)}) 16... Qxc8 17. Nc5 Nxc5 18. Rc1 b4 19. dxc5 Qc6 20. Qg4 a5 21. Be5 f6 22. Bd6 f5 23. Qg3 Bxd6 24. Qxd6 Qxd6 25. cxd6 Rd8 26. Rc6 Kf7 27. f4 Ke8 28. Ra6 Rc8 29. Rxa5 Kd7 30. b3 Kxd6 31. Rb5 Rc2 32. Rxb4 Rxa2 33. Kf1 Rb2 34. Rb6+ Kc5 35. Rxe6 Rxb3 36. Ke2 g6 37. Re8 Rb2+ 38. Kd3 Rb3+ 39. Ke2 Rb2+ 40. Kf3 Rb3 41. Ke2 Rb2+ 1/2-1/2

[Event "Gausdal Classics GM"]
[Site "Gausdal"]
[Date "2003.04.07"]
[Round "6"]
[White "Carlsen, Magnus"]
[Black "Berg, Emanuel"]
[Result "0-1"]
[WhiteElo "2315"]
[BlackElo "2514"]
[PlyCount "90"]
[EventDate "2003.04.03"]
[EventType "tourn"]
[EventRounds "11"]
[EventCountry "NOR"]
[EventCategory "8"]
[SourceTitle "CBM 093 Extra"]
[Source "ChessBase"]
[SourceDate "2003.05.09"]
[SourceVersion "1"]
[SourceVersionDate "2003.05.09"]
[SourceQuality "1"]

1. d4 Nf6 2. c4 e6 3. Nf3 b6 4. g3 Ba6 5. Qa4 Be7 6. Bg2 Bb7 7. O-O O-O 8. Nc3 c5 9. dxc5 bxc5 10. Rd1 Qb6 11. Bf4 Rd8 12. Qb5 d6 13. Rd2 Qc7 14. Rad1 Nc6 ({RR} 14... a6 15. Qb3 Nc6 16. Na4 Ne4 17. Rc2 Rab8 18. Nc3 Na5 19. Qa4 Bc6 20. Qa3 Nxc4 21. Qxa6 Nxb2 22. Rb1 Ra8 23. Nb5 Qd7 24. Qb6 Na4 25. Qc7 Bxb5 {0-1 (25) Kaliakhmet,E (2000)-Zhigalko,S (2572) chess.com INT 2024}) 15. Qa4 a6 16. Qc2 $146 ({RR} 16. h3 h6 17. g4 Rac8 18. Bg3 Rd7 19. Qc2 Rcd8 20. b3 Qa5 21. Na4 Nb4 22. Qc1 Ne4 23. Rb2 Bf6 24. Bf4 Bxb2 25. Qxb2 Bc6 26. a3 Bxa4 27. bxa4 Qxa4 28. Rb1 Nc6 29. Nd2 Nxd2 30. Qxd2 Ne5 {Terry,R (2502)-Zhigalko,S (2572) Chess.com INT 2022 0-1 (54)}) ({RR} 16. h3 Rd7 17. g4 h6 18. e3 Rad8 19. Qc2 Qb6 20. Qb1 Nb4 21. b3 Qa7 22. Ne1 Bxg2 23. Nxg2 Qb7 24. e4 Nc6 25. Be3 Ne5 26. Ne1 Ne8 27. f4 Nc6 28. Ne2 Nf6 29. Ng3 Nd4 30. Bxd4 cxd4 {Terry,R (2507)-Zhigalko,S (2572) Chess.com INT 2022 0-1 (62)}) 16... h6 17. Qb1 Rab8 18. b3 g5 19. Be3 Ng4 20. Bh3 Nxe3 21. fxe3 Bf8 22. Bg2 f5 23. Ne1 Bg7 24. Qc2 Rd7 25. Nd3 Rbd8 26. Na4 Rf7 27. Rf1 Rdf8 28. Nc3 Kh8 29. Nd1 Qa5 30. N1f2 Bc3 31. Rdd1 Bg7 32. Qd2 Qb6 33. Nb2 Rd8 34. Nbd3 Kg8 35. Qc2 a5 36. Qd2 Rfd7 37. Qc2 Nb4 38. Nxb4 axb4 39. Bxb7 Qxb7 40. Rd2 Qc6 41. Rfd1 Bc3 42. Rd3 Be5 43. Rf1 Ra7 44. Rdd1 Rda8 45. Nd3 Qe4 0-1

[Event "Gausdal Classics GM"]
[Site "Gausdal"]
[Date "2003.04.10"]
[Round "10"]
[White "Carlsen, Magnus"]
[Black "Kristjansson, Stefan"]
[Result "1/2-1/2"]
[WhiteElo "2315"]
[BlackElo "2406"]
[PlyCount "46"]
[EventDate "2003.04.03"]
[EventType "tourn"]
[EventRounds "11"]
[EventCountry "NOR"]
[EventCategory "8"]
[SourceTitle "CBM 093 Extra"]
[Source "ChessBase"]
[SourceDate "2003.05.09"]
[SourceVersion "1"]
[SourceVersionDate "2003.05.09"]
[SourceQuality "1"]

1. d4 e6 2. c4 Nf6 3. Nf3 b6 4. g3 Ba6 5. b3 Bb4+ 6. Bd2 Be7 7. Bg2 c6 8. O-O d5 9. Ne5 Nfd7 10. Nxd7 Qxd7 11. Bc3 dxc4 12. Nd2 cxb3 13. axb3 O-O 14. Nc4 Bb7 15. e4 Bf6 $146 ({RR} 15... Na6 16. Qg4 Bf6 17. Rfd1 Rfd8 18. e5 Be7 19. Nd2 Nc7 20. Ne4 Nd5 21. Bd2 f5 22. exf6 Nxf6 23. Nxf6+ Bxf6 24. Bg5 Bxg5 25. Qxg5 Rf8 26. Qe3 Rf6 27. b4 Qd6 28. Qc3 a6 29. Rac1 Rc8 30. Re1 {Esedov,E (2278)-Contin,D (2406) Chalkidiki 2000 ½-½ (51)}) 16. e5 Be7 17. Ne3 Na6 18. f4 Nc7 19. f5 Bg5 20. Nc4 Nb5 21. Bb4 Rfd8 22. Qh5 Bh6 23. f6 c5 1/2-1/2

[Event "NOR-chT"]
[Site "Asker"]
[Date "2003.05.30"]
[Round "3"]
[White "Carlsen, Magnus"]
[Black "Gullaksen, Eirik Tvedt"]
[Result "1/2-1/2"]
[WhiteElo "2315"]
[BlackElo "2354"]
[PlyCount "59"]
[EventDate "2003.05.28"]
[EventType "team"]
[EventRounds "5"]
[EventCountry "NOR"]
[SourceTitle "CBM 094 Extra"]
[Source "ChessBase"]
[SourceDate "2003.07.09"]
[SourceVersion "2"]
[SourceVersionDate "2003.07.09"]
[SourceQuality "1"]

1. d4 Nf6 2. Nf3 g6 3. c4 Bg7 4. Nc3 O-O 5. e4 d6 6. Be2 e5 7. O-O Nh5 8. Bg5 f6 9. Be3 Nf4 10. Bxf4 exf4 11. c5 dxc5 12. dxc5 c6 13. Bc4+ Kh8 14. Qxd8 Rxd8 15. Rfd1 Re8 16. e5 $146 ({RR} 16. Nd4 Bf8 17. b4 a5 18. a3 Nd7 19. Ne6 Rb8 20. Nxf8 Rxf8 21. Be6 Ne5 22. Bxc8 Rfxc8 23. Ne2 g5 24. Nd4 Rd8 25. Nf5 Kg8 26. Rd6 Rxd6 27. Nxd6 b6 28. cxb6 axb4 29. b7 bxa3 30. Rxa3 Kf8 {Ostmoe,G (2360)-Gullaksen,E (2376) Trondheim 2004 1-0 (66)}) 16... fxe5 17. Ng5 Bf6 18. Nf7+ Kg7 19. Nd6 Rf8 20. Nxc8 Rxc8 21. Ne4 b5 22. Be2 Be7 23. a4 Na6 24. Rd7 Rc7 25. Rad1 Kf8 26. axb5 cxb5 27. Rxc7 Nxc7 28. Rd7 Ne6 29. Rd5 Nc7 30. Rd7 1/2-1/2

[Event "Salongernas IM-tournament"]
[Site "Stockholm"]
[Date "2003.06.08"]
[Round "2"]
[White "Hjelm, Niclas"]
[Black "Carlsen, Magnus"]
[Result "1/2-1/2"]
[WhiteElo "2323"]
[BlackElo "2356"]
[PlyCount "35"]
[EventDate "2003.06.07"]
[EventType "tourn"]
[EventRounds "8"]
[EventCountry "SWE"]
[SourceTitle "EXT 2023"]
[Source "ChessBase"]
[SourceDate "2022.10.05"]
[SourceVersion "1"]
[SourceVersionDate "2022.10.05"]
[SourceQuality "1"]

1. d4 d5 2. c4 e6 3. Nc3 Nf6 4. Bg5 Be7 5. Nf3 h6 6. Bh4 O-O 7. e3 Ne4 8. Bxe7 Qxe7 9. Qc2 Nxc3 10. Qxc3 c6 11. Bd3 Nd7 12. O-O dxc4 13. Bxc4 b6 14. Rfd1 Bb7 15. Be2 Rfd8 16. Rac1 c5 17. Qa3 a5 18. dxc5 $146 ({RR} 18. Nd2 e5 19. dxc5 Nxc5 20. Nc4 Qg5 21. g3 Qf6 22. Rxd8+ Rxd8 23. Rd1 Rxd1+ 24. Bxd1 Ba6 25. Nd2 Qd6 26. Qc3 Ne4 {0-1 (26) Lundin,E-Raud,I Buenos Aires 1939}) 1/2-1/2

[Event "Salongernas IM-tournament"]
[Site "Stockholm"]
[Date "2003.06.14"]
[Round "8"]
[White "Carlsen, Magnus"]
[Black "Rylander, Dennis"]
[Result "1-0"]
[WhiteElo "2356"]
[BlackElo "2348"]
[PlyCount "65"]
[EventDate "2003.06.07"]
[EventType "tourn"]
[EventRounds "8"]
[EventCountry "SWE"]
[SourceTitle "EXT 2023"]
[Source "ChessBase"]
[SourceDate "2022.10.05"]
[SourceVersion "1"]
[SourceVersionDate "2022.10.05"]
[SourceQuality "1"]

1. d4 f5 2. g3 Nf6 3. Bg2 g6 4. Nf3 Bg7 5. O-O O-O 6. c4 d6 7. Nc3 Nc6 8. d5 Ne5 9. Nxe5 dxe5 10. e4 f4 11. gxf4 exf4 12. e5 Ng4 13. e6 Ne5 14. c5 ({RR} 14. Qa4 f3 15. Bh3 Nd3 16. Qd1 Nxc1 17. Qxc1 b6 18. Ne4 Ba6 19. Rd1 Be5 20. Qh6 Bg7 21. Qh4 h6 22. Kh1 Bxc4 23. Rg1 Qe8 24. Rg3 Bxd5 25. Rag1 Bxe4 26. Qxe4 g5 27. Bf5 Rd8 28. Bg6 Rf4 {Iniyan,P (2460)-Kobalia,M (2599) Moscow 2018 0-1 (48)}) 14... f3 ({RR} 14... c6 15. Bh3 b6 16. cxb6 axb6 17. dxc6 Ba6 18. Re1 Nd3 19. Re2 Bxc3 20. bxc3 Nxc1 21. Rd2 Ne2+ 22. Kh1 Qc7 23. Rxe2 Qxc6+ 24. Kg1 Qf3 25. Bf1 Bb7 26. Re4 Qxe4 27. f3 Qe3+ 28. Kg2 Rfd8 {0-1 (28) Moral Garcia,S (2258)-Barrenechea Bahamonde,G (2085) Granada ESP 2025}) 15. Bh3 g5 16. Kh1 g4 $146 ({RR} 16... Qe8 17. Rg1 Qh5 18. Rg3 g4 19. Qg1 Rf6 20. Bxg4 Nxg4 21. Rxg4 Rg6 22. Rg5 {½-½ (22) Kluss,K (2225)-Gietl,T (2220) Boeblingen 1995}) 17. Qd4 gxh3 18. Bh6 Bxh6 19. Qxe5 Rf6 20. Rg1+ Rg6 21. Qh5 Kg7 22. Rxg6+ hxg6 23. Rg1 Qe8 24. Ne4 c6 25. Qe5+ Kg8 26. Ng5 Bxg5 27. Qxg5 Kg7 28. Rg4 Bxe6 29. Qe5+ Kg8 30. Rh4 Bxd5 31. Rh8+ Kf7 32. Rh7+ Kf8 33. Qg7# 1-0

[Event "NOR-ch"]
[Site "Fredrikstad"]
[Date "2003.07.10"]
[Round "7"]
[White "Carlsen, Magnus"]
[Black "Hansen, Torbjorn Ringdal"]
[Result "1/2-1/2"]
[WhiteElo "2385"]
[BlackElo "2305"]
[PlyCount "71"]
[EventDate "2003.07.04"]
[EventType "tourn"]
[EventRounds "9"]
[EventCountry "NOR"]
[SourceTitle "CBM 095 Extra"]
[Source "ChessBase"]
[SourceDate "2003.09.04"]
[SourceVersion "1"]
[SourceVersionDate "2003.09.04"]
[SourceQuality "1"]

1. d4 Nf6 2. c4 e6 3. Nc3 Bb4 4. Nf3 O-O 5. Qd3 ({RR} 5. g3 Bxc3+ 6. bxc3 d6 7. Bg2 Nbd7 8. O-O Re8 9. Rb1 h6 10. Ba3 Rb8 11. c5 dxc5 12. dxc5 c6 13. Qa4 a6 14. Rfd1 Qc7 15. Rd6 e5 16. Nd2 Nf8 17. Bb4 Bf5 18. Ba5 Qe7 19. Rb2 Ne6 {Borg,G (2367)-Bischoff,K (2561) Playchess.com INT 2003 0-1}) ({RR} 5. g3 d5 6. Qb3 c5 7. dxc5 Bxc5 8. cxd5 exd5 9. Bg5 Be6 10. Qc2 h6 11. Bxf6 Qxf6 12. Bg2 Nd7 13. O-O Rac8 14. Qd1 Nb6 15. Ne1 Bd4 16. Na4 Nc4 17. Rb1 b5 18. Nc3 Bxc3 19. bxc3 Qxc3 {Bockaj,I (1685)-Amon,N (2119) Krapina 2016 0-1}) 5... c5 $146 ({RR} 5... d5 6. c5 b6 7. h3 Ba6 8. Qe3 bxc5 9. dxc5 Nc6 10. a3 d4 11. Nxd4 Nxd4 12. g4 Nc2# {0-1 (12) Tarasova,E-Sherbakova,E (2012) Kimry 2003}) ({RR} 5... Nc6 6. e4 d6 7. Be2 e5 8. d5 Nb8 9. O-O Bxc3 10. bxc3 Na6 11. Ba3 b6 12. Rab1 Bg4 13. Rb2 Nd7 14. Qe3 Nac5 15. Ng5 Bxe2 16. Rxe2 f5 17. Nxh7 Kxh7 18. Qh3+ Kg8 19. exf5 Qg5 20. g4 {Esbensen,H (1441)-Malin,O (1471) Vadso 2005 0-1 (34)}) 6. Bg5 Nc6 7. a3 Bxc3+ 8. Qxc3 h6 9. Bxf6 Qxf6 10. e3 d6 11. Be2 b6 12. O-O Bb7 13. Rfd1 Rac8 14. d5 Qxc3 15. bxc3 exd5 16. Rxd5 Rfd8 17. Rad1 Kf8 18. Rxd6 Rxd6 19. Rxd6 Ke7 20. Rd1 Ba6 21. g4 Rc7 22. Nh4 g6 23. Nf3 Ke6 24. Kf1 Na5 25. Nd2 Rd7 26. Ke1 g5 27. Rb1 Ke5 28. Rb2 Rd8 29. f3 f5 30. gxf5 Kxf5 31. Kf2 h5 32. Kg3 h4+ 33. Kf2 Rd7 34. Bf1 Rd8 35. Bh3+ Ke5 36. Bf1 1/2-1/2